|
|
|
|
| LEADER |
00000nab#a22000007a#4500 |
| 001 |
arbauad046442 |
| 003 |
AR-BaUAD |
| 005 |
20250711113552.0 |
| 008 |
000905|||||||||###||||||b###|0###a|spa|| |
| 040 |
|
|
|a AR-BaUAD
|c AR-BaUAD
|b spa
|
| 100 |
|
|
|a McDaniel, Phila
|
| 245 |
|
|
|a Tibetan Nomad Festival /
|c Phila McDaniel;
|
| 300 |
0 |
|
|b fot. col.
|
| 653 |
|
|
|a ASIA
|
| 653 |
|
|
|a CHINA
|
| 653 |
|
|
|a TIBET
|
| 653 |
|
|
|a PUEBLOS INDIGENAS
|
| 653 |
|
|
|a USOS Y COSTUMBRES
|
| 653 |
|
|
|a FESTIVALES
|
| 653 |
|
|
|a HISTORIA
|
| 653 |
|
|
|a ORNAMENTACION
|
| 653 |
|
|
|a ACCESORIOS
|
| 653 |
|
|
|a INDUMENTARIA
|
| 653 |
|
|
|a ARTESANIAS
|
| 653 |
|
|
|a TRAJES REGIONALES
|
| 773 |
0 |
|
|t ORNAMENT
|g v. 23, no. 4 [jun.-sep. 1999], p. 48-53
|
| 942 |
|
|
|c ARTI
|
| 952 |
|
|
|0 0
|1 0
|4 0
|7 0
|9 91361
|a AR-BAuAD
|b AR-BAuAD
|d 2025-07-11
|l 0
|p AAQA046442
|r 2025-07-11 11:35:52
|w 2025-07-11
|y ARTI
|
| 990 |
|
|
|a DT200
|b TD
|
| 998 |
|
|
|a AAQ
|b BIBUN76
|
| 999 |
|
|
|c 71034
|d 71034
|